Identita a budúcnosť Európy
Prvotný cieľ európskej integrácie - zamedziť eskalácii ozbrojeného konfliktu na európskom kontinente. Tento cieľ sa graduálnou integráciou v rôznych oblastiach posunul k budovaniu bezpečnej, demokratickej a prosperujúcej Európy. Po odmietnutí Zmluvy o ústave pre Európu stojí pred európskymi lídrami...
Gespeichert in:
| 1. Verfasser: | |
|---|---|
| Format: | Buchkapitel |
| Sprache: | Slowakisch |
| Schlagworte: | |
| Tags: |
Keine Tags, Fügen Sie das erste Tag hinzu!
|
MARC
| LEADER | 00000nla$a2200000$$$4500 | ||
|---|---|---|---|
| 001 | 0105179 | ||
| 005 | 20240502083250.2 | ||
| 041 | 0 | |a slo | |
| 044 | |a CZ | ||
| 245 | 1 | 0 | |a Identita a budúcnosť Európy |c Veronika Fodorová |
| 520 | |a Prvotný cieľ európskej integrácie - zamedziť eskalácii ozbrojeného konfliktu na európskom kontinente. Tento cieľ sa graduálnou integráciou v rôznych oblastiach posunul k budovaniu bezpečnej, demokratickej a prosperujúcej Európy. Po odmietnutí Zmluvy o ústave pre Európu stojí pred európskymi lídrami otázka ako spojiť kvalitatívnu integráciu s kvantitatívnou, pričom obe majú pre budúcnosť Európy mimoriadny význam. Hľadanie európskej identity. | ||
| 610 | 2 | 0 | |a Európska únia |
| 610 | 2 | 0 | |a integrácia |
| 610 | 2 | 0 | |a kultúra |
| 610 | 2 | 0 | |a identita |
| 100 | 1 | |a Fodorová, Veronika | |